[Event "AUTO-OPEN-649"]
[Site "http://www.queenalice.com/game.php?id=207147"]
[Date "2007.5.6"]
[Round "1"]
[White "Mekk"]
[Black "McKnights"]
[Result "1-0"]
[WhiteElo "1857"]
[BlackElo "1650"]

1. e4 d5 2. exd5 Nf6 3. d4 Nxd5 4. Bc4 Be6 5. Qe2 c6 6. Nf3 Nf4 7. Bxf4 Bxc4 8.
Qxc4 e6 9. O-O Nd7 10. Nc3 Nb6 11. Qd3 Be7 12. a4 O-O 13. a5 Nd5 14. Nxd5 cxd5
15. a6 1-0

[Event "AUTO-MASTER-309"]
[Site "http://www.queenalice.com/game.php?id=207257"]
[Date "2007.5.7"]
[Round "1"]
[White "Ribar"]
[Black "McKnights"]
[Result "1-0"]
[WhiteElo "1770"]
[BlackElo "1599"]

1. e4 d5 2. exd5 Nf6 3. d4 Nxd5 4. Nf3 Bg4 5. Be2 Nc6 6. O-O e6 7. Re1 Bd6 8. c4
Nf6 9. Nc3 O-O 10. Be3 Re8 11. Qd2 Bxf3 12. Bxf3 Qd7 13. Rad1 Rad8 14. a3 b6 15.
b4 1-0

[Event "AUTO-MASTER-309"]
[Site "http://www.queenalice.com/game.php?id=207258"]
[Date "2007.5.7"]
[Round "1"]
[White "McKnights"]
[Black "Ribar"]
[Result "0-1"]
[WhiteElo "1609"]
[BlackElo "1760"]

1. e4 c5 2. Nf3 e6 3. d4 cxd4 4. Nxd4 a6 5. Nc3 Qc7 6. Be3 Nf6 7. Bd3 Bb4 8. Bd2
Nc6 9. Nxc6 bxc6 10. O-O d5 11. exd5 cxd5 12. Re1 O-O 13. a3 Bd6 14. g3 Bb7 0-1

[Event "AUTO-MASTER-309"]
[Site "http://www.queenalice.com/game.php?id=207271"]
[Date "2007.5.7"]
[Round "1"]
[White "TheAlchemist"]
[Black "McKnights"]
[Result "1-0"]
[WhiteElo "1988"]
[BlackElo "1567"]

1. d4 d5 2. c4 Nf6 3. cxd5 Qxd5 4. Nc3 Qd8 5. e4 e5 6. d5 c6 7. Nf3 cxd5 8. Nxe5
d4 9. Bb5+ Bd7 10. Qxd4 Be7 11. Nxd7 Nfxd7 12. Qxg7 Rf8 13. Qxh7 a6 14. Bc4 Ne5
15. Bd5 Nbc6 16. Bh6 Kd7 17. Bxf8 Qxf8 18. Bxc6+ 1-0

[Event "AUTO-MASTER-309"]
[Site "http://www.queenalice.com/game.php?id=207272"]
[Date "2007.5.7"]
[Round "1"]
[White "McKnights"]
[Black "TheAlchemist"]
[Result "0-1"]
[WhiteElo "1565"]
[BlackElo "1990"]

1. e4 c5 2. Nf3 Nc6 3. Nc3 e5 4. Nd5 d6 5. c3 Nf6 6. Nxf6+ Qxf6 7. Bc4 Bg4 8.
Be2 h6 9. h3 Be6 10. Bb5 Be7 11. Bxc6+ bxc6 12. d3 Qg6 13. g3 O-O 14. Qe2 f5 15.
exf5 Bxf5 16. Bd2 Bxd3 0-1

[Event "AUTO-MASTER-309"]
[Site "http://www.queenalice.com/game.php?id=207281"]
[Date "2007.5.7"]
[Round "1"]
[White "McKnights"]
[Black "m_2788"]
[Result "0-1"]
[WhiteElo "1635"]
[BlackElo "1906"]

1. e4 c5 2. Nf3 d6 3. d4 cxd4 4. Nxd4 a6 5. Nc3 Nf6 6. Bg5 e5 7. Nf3 Bg4 8. Be2
Be7 9. Bxf6 Bxf6 10. h3 Bh5 0-1

[Event "AUTO-ADV-484"]
[Site "http://www.queenalice.com/game.php?id=207662"]
[Date "2007.5.7"]
[Round "1"]
[White "Brandt"]
[Black "McKnights"]
[Result "1-0"]
[WhiteElo "1845"]
[BlackElo "1584"]

1. d4 d5 2. c4 Nf6 3. Nc3 e6 4. Bg5 Be7 5. Nf3 O-O 6. e3 c6 7. Be2 Nbd7 8. O-O
h6 9. Bh4 Ng4 10. Bxe7 Qxe7 11. h3 Ngf6 12. cxd5 exd5 13. Nh2 1-0

[Event "AUTO-ADV-484"]
[Site "http://www.queenalice.com/game.php?id=207663"]
[Date "2007.5.7"]
[Round "1"]
[White "McKnights"]
[Black "Brandt"]
[Result "0-1"]
[WhiteElo "1590"]
[BlackElo "1839"]

1. e4 c5 2. Nf3 d6 3. Nc3 Nf6 4. Bc4 e6 5. d4 cxd4 6. Nxd4 g6 7. O-O Bg7 8. Bg5
O-O 9. Re1 Nc6 10. Nxc6 bxc6 11. Bd3 Qb6 12. Na4 Qa5 0-1

[Event "AUTO-MASTER-310"]
[Site "http://www.queenalice.com/game.php?id=207676"]
[Date "2007.5.7"]
[Round "1"]
[White "jalvez"]
[Black "McKnights"]
[Result "1-0"]
[WhiteElo "1962"]
[BlackElo "1569"]

1. e4 d5 2. e5 f6 3. Nf3 Nc6 4. Bb5 Bf5 5. O-O Qd7 6. d4 e6 7. Re1 O-O-O 8. a3
Bg4 9. Qd3 Bf5 10. Qc3 Nge7 11. Nbd2 fxe5 12. Nxe5 h6 13. Nxd7 Rxd7 14. Nf3 1-0

[Event "AUTO-MASTER-310"]
[Site "http://www.queenalice.com/game.php?id=207677"]
[Date "2007.5.7"]
[Round "1"]
[White "McKnights"]
[Black "jalvez"]
[Result "0-1"]
[WhiteElo "1711"]
[BlackElo "1956"]

1. e4 e5 2. Nf3 Nc6 3. Nc3 Nf6 4. d4 exd4 5. Nxd4 h6 6. Be3 Bb4 7. Nxc6 bxc6 8.
Bd4 Qe7 9. f3 d5 10. e5 c5 11. Bb5+ Bd7 12. Bxd7+ Nxd7 0-1

[Event "AUTO-MASTER-310"]
[Site "http://www.queenalice.com/game.php?id=207692"]
[Date "2007.5.7"]
[Round "1"]
[White "McKnights"]
[Black "Juanjo"]
[Result "0-1"]
[WhiteElo "1648"]
[BlackElo "2108"]

1. e4 e5 2. Nf3 Nc6 3. Nc3 Nf6 4. Bc4 Nxe4 5. Nxe4 d5 6. Bd3 dxe4 7. Bxe4 Bd6 8.
d3 Bd7 9. O-O Qe7 10. Be3 f6 11. c4 O-O 12. Qb3 Kh8 13. Bd5 Rfb8 0-1

[Event "AUTO-MASTER-310"]
[Site "http://www.queenalice.com/game.php?id=207693"]
[Date "2007.5.7"]
[Round "1"]
[White "Juanjo"]
[Black "McKnights"]
[Result "1-0"]
[WhiteElo "2107"]
[BlackElo "1650"]

1. e4 d5 2. exd5 Nf6 3. d4 Nxd5 4. c4 Nf6 5. Nf3 Bg4 6. Be2 e6 7. O-O Be7 8. Be3
Bxf3 9. Bxf3 c6 10. Nc3 O-O 11. Rb1 Qc8 12. b4 Nbd7 13. a4 Nb6 14. Qb3 1-0